Quick Pick: 'By' Songs Quiz Stats

 Plays Quiz Updated Feb 28, 2019

Score 0/15 Timer 01:30
6 Plays Today
% Correct
Me
96.6%
Myself
95.9%
Minute
95.7%
Step
95.5%
You
95.1%
Light
95%
Now
94.3%
Man
93.9%
% Correct
Time
91.4%
River
87.8%
Moment
84.5%
Dashboard
82%
Ocean
81.7%
Schoolyard
79.1%
Way
76.4%

Today's Daily Dose

Missing Word
Celine Dion

Word Ladder
Dr. Seuss Books

Quick Pick
Cities in India

Get the Picture
'A' Actresses

You're not logged in!

Compare scores with friends on all Sporcle quizzes.
OR
Log In

Sporcle TV

Today on Sporcle TV


Watch our educational content, quiz creation guides, and fun videos on Sporcle TV.

Show Comments

Extras

Top Quizzes Today


Score Distribution

Your Account Isn't Verified!

In order to create a playlist on Sporcle, you need to verify the email address you used during registration. Go to your Sporcle Settings to finish the process.

Report this User

Report this user for behavior that violates our Community Guidelines.

Details: